Statistics for NFL Players who have passed

Click here to take the quiz!

General Stats

  • This quiz has been taken 13 times
    (9 since last reset)
  • The average score is 12 of 50

Answer Stats

HintAnswer% Correct
Died in 1999(45)
RB for Chicago
Walter Payton
100%
Died in 2004(43)
DT for PHI, GB, CAR
Reggie White
88%
Died in 2002(69)
QB for PIT, BAL, SDC
Johnny Unitas
50%
Died in 2009(36)
QB for TEN, BAL
Steve McNair
50%
Died in 2019(78)
CB for HOU, DEN, OAK
Willie Brown
50%
Died in 2019(85)
QB for GBP
Bart Starr
38%
Died in 2002(74)
CB for LAR, CHI, DET
Dick Lane
38%
Died in 2020(77)
RB for CHI
Gale Sayers
38%
Died in 2012(43)
LB for SDC, MIA, NEP
Junior Seau
38%
Died in 2003(82)
QB for CLE
Otto Graham
38%
Died in 2007(24)
S for WAS
Sean Taylor
38%
Died in 1998(81)
QB for CHI
Sid Luckman
38%
Died in 2002(59)
WR for DAL, SFF
Bob Hayes
25%
Died in 2017(48)
DT for SEA
Cortez Kennedy
25%
Died in 2013(74)
EDGE for LAR, SDC, WAS
Deacon Jones
25%
Died in 2021(33)
WR for DEN, HOU, NEP, NYJ
Demaryius Thomas
25%
Died in 2000(33)
EDGE for KCC
Derrick Thomas
25%
Died in 1997(84)
WR for GBP
Don Hutson
25%
Died in 2015(69)
QB for OAK, HOU, NOS
Ken Stabler
25%
Died in 2011(56)
EDGE for TBB
Lee Roy Selmon
25%
Died in 2002(50)
C for PIT/KAN
Mike Webster
25%
Died in 1983(57)
QB for LAR, PHI
Norm Van Brocklin
25%
Died in 2008(94)
QB for WAS
Sammy Baugh
25%
Died in 2012(91)
RB for PHI
Steve Van Buren
25%
Died in 2017(90)
QB for BAL, SFF, NYG
Y.A. Tittle
25%
Died in 1990(81)
FB, LB, OT for CHI
Bronko Nagurski
13%
Died in 2015(89)
LB for PHI
Chuck Bednarik
13%
Died in 2004(80)
WR for CHI, LAR
Elroy Hirsch
13%
Died in 1975(51)
S for NYG, GBP
Emlen Tunnell
13%
Died in 1976(73)
FB for DUL, CHI
Ernie Nevers
13%
Died in 2019(85)
OT for GBP
Forrest Gregg
13%
Died in 2008(63)
IOL for OAK
Gene Upshaw
13%
Died in 2010(83)
QB for CHI, BAL, HOU, OAK
George Blanda
13%
Died in 2019(93)
EDGE and OT for DAL, BAL
Gino Marchetti
13%
Died in 2020(81)
CB for GBP/DAL
Herb Adderley
13%
Died in 2005(71)
IOL for BAL
Jim Parker
13%
Died in 1953(65)
RB for CAN
Jim Thorpe
13%
Died in 2011(69)
TE for BAL/SDC
John Mackey
13%
Died in 1999(79)
RB/FB for CLE, PIT
Marion Motley
13%
Died in 1992(82)
C/LB for NYG
Mel Hein
13%
Died in 2010(69)
DT for LAR
Merlin Olsen
13%
Died in 1998(61)
LB for GBP
Ray Nitschke
13%
Died in 1999(87)
RB for CHI, NYY
Red Grange
13%
Died in 2020(85)
EDGE for CLE, GBP
Willie Davis
13%
Died in 2019(89)
S for GBP
Bobby Dillon
0%
Died in 2015(85)
EDGE for CLE, CHI, NOS
Doug Atkins
0%
Died in 2010(61)
S for OAK, HOU
Jack Tatum
0%
Died in 2019(78)
LB for BOS, MIA
Nick Buoniconti
0%
Died in 2020(84)
RB, K for GBP, NOS
Paul Hornung
0%
Died in 2021(87)
LB for NYG, WAS
Sam Huff
0%

Score Distribution

Percentile by Number Answered

Percent of People with Each Score

Your Score History

You have not taken this quiz since the last reset